Statistics for Daily U.S. State Riddle #3

Click here to take the quiz!

General Stats

  • This quiz has been taken 103 times
  • The average score is 31 of 36

Answer Stats

TypeAnswer% Correct
Alphabet LetterA
100%
Alphabet LetterI
100%
Found LetterN
100%
Alphabet LetterO
100%
Found LetterS
100%
Alphabet LetterR
99%
Found LetterE
98%
Alphabet LetterG
97%
Alphabet LetterH
97%
Alphabet LetterL
97%
Alphabet LetterW
97%
Alphabet LetterC
96%
Alphabet LetterM
96%
Found LetterT
96%
Alphabet LetterK
94%
Alphabet LetterD
91%
Alphabet LetterU
88%
Alphabet LetterF
87%
Alphabet LetterB
85%
Alphabet LetterY
84%
Alphabet LetterV
83%
Alphabet LetterX
82%
Alphabet LetterJ
76%
Alphabet LetterP
75%
Correctly Placed LetterS
74%
Correctly Placed LetterE
73%
Correctly Placed LetterN
73%
Correctly Placed LetterN
73%
Correctly Placed LetterS
73%
Alphabet LetterZ
73%
Correctly Placed LetterE
67%
Correctly Placed LetterE
67%
Correctly Placed LetterE
67%
Alphabet LetterQ
67%
Correctly Placed LetterT
67%
Mystery U.S. StateTennessee
67%

Score Distribution

Percentile by Number Answered

Percent of People with Each Score

Your Score History

You have not taken this quiz